دائرة المعارف العلمية المصورة لنباتات وحيوانات البيئة العربية: تاريخيا وعلميا وزراعيا واقتصاديا وطبيا - الحيوانات / (Record no. 30654)
[ view plain ]
| 000 -الفاتح | |
|---|---|
| حقل البيانات ثابتة الطول | 00842nam a2200229Ia 4500 |
| 008 - عناصر البيانات ثابتة الطول - معلومات عامة | |
| حقل البيانات ثابتة الطول | 140319s9999 xx 000 0 ara d |
| 040 ## - مصدر الفهرسة | |
| وكالة الفهرسة الأصلية | GCL / |
| وكالة النسخ | GCL |
| 082 04 - رقم تصنيف ديوى العشرى | |
| رقم التصنيف | ع |
| رقم المادة | 591 |
| -- | ع د |
| 100 1# - المدخل الرئيسى - إسم شخصى | |
| الإسم الشخصى | عزالدين فراج |
| 245 10 - بيان العنوان | |
| العنوان | دائرة المعارف العلمية المصورة لنباتات وحيوانات البيئة العربية: تاريخيا وعلميا وزراعيا واقتصاديا وطبيا - الحيوانات / |
| بيان المسئوليه,etc | عزالدين فراج |
| 700 1# - المدخل الاضافى - اسم شخصى | |
| الإسم الشخصى | سمير امين |
| 700 1# - المدخل الاضافى - اسم شخصى | |
| الإسم الشخصى | محمد رضا خورشيد |
| 700 1# - المدخل الاضافى - اسم شخصى | |
| الإسم الشخصى | محمود العليمى |
| 260 ## - PUBLICATION, DISTRIBUTION, ETC. (IMPRINT) | |
| تاريخ النشر أو التوزيع | 1989 |
| 300 ## - الوصف المادى | |
| التعداد | 344 ص |
| 490 ## - بيان السلسلة | |
| عنوان السلسلة | |
| 650 04 - المدخل الاضافى بالموضوع-مصطلح موضوعى | |
| مصطلح موضوعي | المراجع |
| 650 04 - المدخل الاضافى بالموضوع-مصطلح موضوعى | |
| مصطلح موضوعي | النباتات |
| 650 04 - المدخل الاضافى بالموضوع-مصطلح موضوعى | |
| مصطلح موضوعي | الحيوانات - تربية |
| 942 ## - عناصر المدخل الإضافي( كوها) | |
| مصدر التصنيف او مخطط الترفيف | Dewey Decimal Classification |
| Koha [default] item type | كتاب |
| 260 ## - PUBLICATION, DISTRIBUTION, ETC. (IMPRINT) | |
| -- | [S.N] : |
| -- | دار الفكر العربى ، |
| حالة التراجع | حالة الفقد | حالة تلف | ليس للاعارة | المكان المؤقت | الموقع الحالى | تاريخ الاكتساب | اجمالي اﻻعارات | رقم الطلب | الباركود | تاريخ اخر مشاهدة | تاريخ تفعيل السعر | نوع وعاء كوها |
|---|---|---|---|---|---|---|---|---|---|---|---|---|
| مكتبة القاهرة الكبرى | مكتبة القاهرة الكبرى | 03/26/2014 | ع\591\ع د | 71430 | 03/26/2014 | 03/26/2014 | كتاب |

